| 000 | 00852nam a2200277 c 4500 | ||
|---|---|---|---|
| 003 | BLK | ||
| 005 | 20190913121253.0 | ||
| 008 | 180911b bul|||||r ||||||| ||bul|| | ||
| 010 | _a003588 | ||
| 040 | _aBLK | ||
| 041 | _aDEU | ||
| 080 | _z830-1 | ||
| 100 | 1 |
_aWEINHEBER, Josef _eпърви автор |
|
| 245 | 0 | 0 | _aAdel und Untergang |
| 246 | _pлирика-стихотворения | ||
| 260 |
_aMunchen _bAlbert Langen and Georg Muller _c1937 |
||
| 300 |
_a135 с _c20 см |
||
| 380 | _a82 | ||
| 490 |
_aЧастна колекция - Академик Михаил Арнаудов _gДарение - Основен фонд |
||
| 653 |
_9 _aлирика |
||
| 653 |
_9 _aстихотворения |
||
| 655 | _aнемска литература | ||
| 700 | 1 | _aJosef Weinheber | |
| 852 | _aМА 1064 | ||
| 942 |
_cKNG _n0 |
||
| 944 |
_aCR _c1996 _kValK |
||
| 999 |
_c343927 _d343927 |
||